Testing of plastics and elastomers. Determination of density. (Record no. 73315)

MARC details
000 -LEADER
fixed length control field 00346nam a2200133Ia 4500
245 #0 - TITLE STATEMENT
Title Testing of plastics and elastomers. Determination of density.
260 ## - PUBLICATION, DISTRIBUTION, ETC. (IMPRINT)
Year of publication 1976
500 ## - GENERAL NOTE
General note Standard number: DIN 53 479
650 ## - SUBJECT ADDED ENTRY--TOPICAL TERM
Topical Term Density
650 ## - SUBJECT ADDED ENTRY--TOPICAL TERM
Topical Term Elastomers
650 ## - SUBJECT ADDED ENTRY--TOPICAL TERM
Topical Term Plastics
942 ## - ADDED ENTRY ELEMENTS (KOHA)
Koha item type Standards
Holdings
Withdrawn status Lost status Damaged status Not for loan Collection code Home library Current library Date acquired Koha item type
      Standards DIN standards/German Standards RRII Library RRII Library 31/12/2021 Standards